| 000 | 00456nam a2200157Ia 4500 | ||
|---|---|---|---|
| 008 | 210716s2015 xx 000 0 und d | ||
| 020 | _a8189301020 | ||
| 041 | _aeng | ||
| 082 | _a153.94 SINS | ||
| 100 | _aSinghal, Sanjay;Mishra, Sameer. | ||
| 245 |
_aUGC NET SET: computer science and applications. _bComputer science and applications. |
||
| 250 | _a1 | ||
| 260 |
_aNew Delhi _bPearson Education _c2015 |
||
| 300 | _axii,674 | ||
| 650 | _aAptitude Test | ||
| 999 |
_c194113 _d194113 |
||